| 000 | 00619nam a2200157 i 4500 | ||
|---|---|---|---|
| 001 | bg | ||
| 245 | 0 |
_aPostępy w technice wytwarzania : _bkonferencja naukowo-techniczna.Cz. 2, Skrawanie wiórowe, kształtowanie erozyjne i urządzenia technologiczne, Kołobrzeg 21-23 września 1978 r. / _cNaczelna Organizacja Techniczna, Instytut Techniki Wytwarzania Wyższej Szkoły Inżynierskiej w Koszalinie. |
|
| 260 |
_aKoszalin, _c1978. |
||
| 650 | 9 | _aSkrawanie | |
| 655 | _aMateriały konferencyjne | ||
| 040 | _cBPK | ||
| 041 | _apol | ||
| 080 | _a621.9(061) | ||
| 942 | _cKS | ||
| 008 | s pl f |000 0 pol | ||
| 999 |
_c18491 _d18491 |
||
| 856 |
_uhttp://koha.tu.koszalin.pl/cgi-bin/koha/opac-detail.pl?biblionumber=18491 _yKatalog online BPK |
||